000 00420nam a2200181Ia 4500
005 20250603144804.0
008 250603s9999 xx 000 0 und d
020 _a9781902536583
050 _aVK 200 .W36/
100 _aWang, Jin.
245 0 _aDesign for safety of marine and offshore systems
260 _aLondon
260 _bIMarEST
260 _c2007
300 _a403 p
650 _aLondon
942 _cBK
999 _c39951
_d39951